Guess the Fusion Rock Song Lyrics #139 - Statistics

General Stats
  • This quiz has been taken 22 times
  • The average score is 70 of 201
Answer Stats
Answer % Correct
a
89%
A
89%
the
84%
The
84%
You
74%
you
74%
and
68%
And
68%
do
63%
He
63%
he
63%
in
63%
In
63%
to
63%
when
63%
all
58%
on
58%
On
58%
what
58%
her
53%
is
53%
of
53%
From
47%
from
47%
have
47%
night
47%
this
47%
down
42%
going
42%
him
42%
just
42%
man
42%
there
42%
want
42%
but
37%
But
37%
could
37%
Dire Straits
37%
sail
37%
She
37%
goes
32%
one
32%
thing
32%
Yeah
32%
days
26%
He's
26%
he's
26%
things
26%
Around
21%
done
21%
morning
21%
said
21%
she's
21%
She's
21%
ship
21%
baby
16%
call
16%
dark
16%
Hey
16%
land
16%
Little
16%
never
16%
sailing
16%
Sailing
16%
waves
16%
wind
16%
light
11%
sailor
11%
town
11%
Two
11%
against
5%
away
5%
Away
5%
London
5%
pain
5%
river
5%
same
5%
barge
0%
below
0%
bridge
0%
chains
0%
college
0%
concrete
0%
Cutty
0%
dock
0%
dry
0%
fight
0%
Gipsy
0%
graves
0%
green
0%
handed
0%
held
0%
law
0%
lazy
0%
lean
0%
lying
0%
mariner
0%
Moth
0%
mother
0%
Nobody
0%
Pride
0%
quiver
0%
rail
0%
rivers
0%
roll
0%
rules
0%
sand
0%
Sark
0%
self
0%
shouts
0%
silent
0%
Single
0%
single
0%
slip
0%
tied
0%
tourist
0%
upon
0%
wailing
0%
war
0%
No matching quizzes found
Score Distribution
Percent of People with Each Score
Percentile by Number Answered
Your Score History
You have not taken this quiz